|
|
|
|
| LEADER |
01063nam a22002657a 4500 |
| 001 |
41204 |
| 003 |
BD-DhAAL |
| 008 |
230515t2002 ko ||||| |||| 00| 0 kor d |
| 020 |
|
|
|a 8935204952
|
| 040 |
|
|
|a BD-DhAAL
|c BD-DhAAL
|
| 082 |
|
|
|a 658.155
|2 23
|
| 100 |
|
|
|a Zook, Chris,
|d 1951-
|9 54239
|
| 245 |
|
|
|a Profit from the core :
|b growth strategy in an era of turbulence /
|c Chris Zook with James Allen.
|
| 260 |
|
|
|a Seoul :
|b The ChungRim Publishing,
|c c2002.
|
| 300 |
|
|
|a 247 pages ;
|c 23 cm.
|
| 541 |
|
|
|a Complimentary copy from Dr. Sang Hoon Lee, Dean of Brac Business School, Brac University
|e 41204
|
| 650 |
|
|
|a Corporations
|x Growth.
|
| 650 |
|
|
|a Industrial management.
|
| 650 |
|
|
|a Corporate profits.
|9 9232
|
| 650 |
|
|
|a Management.
|
| 700 |
|
|
|a Allen, James,
|d 1960-
|9 54240
|
| 852 |
|
|
|a Ayesha Abed Library
|c General Stacks
|
| 942 |
|
|
|2 ddc
|c BK
|
| 999 |
|
|
|c 45760
|d 45760
|
| 952 |
|
|
|0 0
|1 0
|2 ddc
|4 0
|6 658_155000000000000_ZOO
|7 0
|9 73638
|a BRACUL
|b BRACUL
|c GEN
|d 2023-05-15
|e Complimentary copy from Dr. Sang Hoon Lee
|l 0
|o 658.155 ZOO
|p 3010041204
|r 2023-05-15
|t 1
|w 2023-05-15
|y BK
|